000 00502nam a2200181Ia 4500
005 20250923144249.0
008 008 250917s9999 xx 000 0 eng d
037 _aTextual
040 _aDSWL
_beng
_cDSWL
041 _aeng
_2eng
084 _aR4911, H7
_qDSWL
100 _aHobhouse, L.T.
_9822995
245 0 _aRational good
_cby L.T. Hobhouse
260 _aLondon
_bWatts and co.
_c1947
300 _a160 p.
942 _cTEXL
_hR4911, H7
999 _c1436753
_d1436753